000
00259nam a2200109Ia 4500
005
20251222175939.0
008
251222s9999||||xx |||||||||||||| ||spa||
082
_a
629.8/K25
100
_a
Katzan, Harry Jr.
245
0
_a
Productividad y Robótica
942
_c
LIB
999
_c
41310
_d
41310